La Ciudad (Nivel 1) - Statistics

General Stats
  • This quiz has been taken 3 times
  • The average score is 27 of 421
Answer Stats
Hint Answer % Correct
to cross the street cruzar la calle
67%
citizen el ciudadano
67%
avenue la avenida
67%
library la biblioteca
67%
street la calle
67%
capital la capital
67%
city la ciudad
67%
entrance la entrada
67%
school la escuela
67%
fountain la fuente
67%
to apply the law aplicar la ley
33%
to authorise autorizar
33%
to go for a walk dar un paseo
33%
to decide decidir
33%
to declare declarar
33%
to report, announce, complain denunciar
33%
administrator, manager el administrador
33%
mayor el alcalde
33%
warehouse, grocery store, grocer's el almacén
33%
bank el banco
33%
district, neighbourhood el barrio
33%
garbage man, dustman el basurero
33%
fireman el bombero
33%
bureaucrat el burócrata
33%
path, way el camino
33%
movies, cinema el cine
33%
civilian el civil
33%
crossroads el cruce
33%
building el edificio
33%
stadium el estadio
33%
marital status el estado civil
33%
grammar school el instituto
33%
public garden el jardín público
33%
game el juego
33%
market el mercado
33%
municipality, township, town council el municipio
33%
museum el museo
33%
official el oficial
33%
courtyard el patio
33%
pedestrian el peatón
33%
town policeman el policía municipal
33%
poster el póster
33%
town el pueblo
33%
theatre el teatro
33%
tourism el turismo
33%
resident, neighbour el vecino
33%
traveler el viajero
33%
sidewalk, pavement la acera
33%
administration la administración
33%
mayoress, mayor's wife la alcaldesa
33%
bureaucracy, officialdom la burocracia
33%
telephone booth la cabina telefónica
33%
City/Town Hall, civic centre la casa consistorial
33%
committee, commission la comisión
33%
administrative region of Valencia la comunidad valenciana
33%
report, complaint la denuncia
33%
bus station la estación de autobuses
33%
people la gente
33%
church la iglesia
33%
book-store/-shop la librería
33%
city walls la muralla
33%
post office la oficina de correos
33%
square la plaza
33%
bullfighting ring la plaza de toros
33%
small square la plazuela
33%
authorities las autoridades
33%
shop la tienda
33%
university la universidad
33%
pedestrian precinct la zona peatonal
33%
to proclaim proclamar
33%
good, accurate acertado
0%
to accuse of acusar de
0%
to pass, overtake adelantar
0%
to administer a district administrar una comarca
0%
to take measures adoptar medidas
0%
lively, bright animado
0%
to call off a meeting anular una reunión
0%
to double-park aparcar en doble fila
0%
to applaud aplaudir
0%
Hands up! Arriba las manos!
0%
to get stuck in a traffic jam atascarse
0%
full of people atestado de gente
0%
crammed full with customers atiborrado de clientes
0%
perfect, just right atinado
0%
to increase speed aumentar su velocidad
0%
to break down averiarse
0%
to notify, inform avisar
0%
to notify the police avisar a la policía
0%
cheap barato
0%
to joke bromear
0%
expensive caro
0%
to give way to ceder el sitio a
0%
to bang into chocar con/contra
0%
to travel, drive/cycle/walk around circular
0%
to catch the bus coger el autobús
0%
to collide with (R2/3) colisionar con/contra
0%
busy, crowded concurrido
0%
to drive conducir
0%
to call a meeting convocar a una reunión
0%
to call a plenary session convocar a un pleno
0%
to follow the administrative procedure cumplir los trámites administrativos
0%
to bump along, jolt dar tumbos
0%
to go for a walk dar una vuelta
0%
to somersault, turn over dar una vuelta de campana
0%
to somersault, turn over dar volteretas
0%
to give way to dejar el sitio a
0%
to skid derrapar
0%
to arrest detener
0%
one way dirección única
0%
to govern, manage dirigir
0%
to slow down dismunuir su velocidad
0%
to shoot rockets disparar cohetes
0%
entertaining divertido
0%
to entertain divertir
0%
accident el accidente
0%
overtaking on the right el adelantamiento por la derecha
0%
fortune teller el adivino
0%
traffic cop el agente de tráfico
0%
loudspeaker el altavoz
0%
quay side, waterfront el andén del puerto
0%
parking lot el aparcamiento
0%
traffic jam el atasco
0%
bus el autobús
0%
(long-distance) bus, coach el autocar
0%
driver el automovilista
0%
notice, warning el aviso
0%
City/Town Hall el ayuntamiento
0%
pothole el bache
0%
dip, pothole, speed, bump el badén
0%
sideshow el barracón de atracciones
0%
road sweeper el barrendero
0%
bar (of prison cell) el barrote
0%
joker el bromista
0%
rocking horse el caballito
0%
searching, frisking (of person) el cacheo
0%
café el café
0%
dungeon el calabozo
0%
waiter el camarero
0%
garbage truck, dust cart el camión de la basura
0%
jailer el carcelero
0%
identity parade el careo de policía
0%
carnival el carnaval
0%
poster el cartel
0%
catering el cátering
0%
pickpocket el caterista
0%
downtown, town centre el centro ciudad
0%
joke el chiste
0%
violent crash el choque violento
0%
client el cliente
0%
car el coche
0%
(long-distance) bus, coach el coche de línea
0%
highway code el código de la circulación
0%
school el colegio
0%
swing el columpio
0%
(police) superintendent el comisario de policía
0%
town councilor el concejal
0%
town council el concejo muncipal
0%
driver el conductor
0%
fire brigade el cuerpo de bomberos
0%
decree el decreto
0%
representative of central government el Delgado del Gobierno
0%
legal department el departamento jurìdico
0%
procession el desfile
0%
detour, diversion el desvío
0%
judgement, legal opinion (R3) el dictamen
0%
town councillor (R3) el edil
0%
to elect the councillors elegir a los concejales
0%
to choose a menu elegir un menú
0%
traffic jam el embotellamiento
0%
office employee el empleado de oficina
0%
order el encargo
0%
statute (R2/3) el estatuto
0%
foreigner el extranjero
0%
show ground, fairground el ferial
0%
slippery surface el firme deslizante
0%
even/flat surface el firme llano
0%
proprietor of fonda el fondista
0%
municipal charter, local law-code (R3) el fuero
0%
employee, civil servant el funcionario
0%
governor el gobernador
0%
game keeper el guarda de caza/coto
0%
bodyguard el guardaespaldas
0%
security guard el guarda jurado
0%
civil guard el guardia civil
0%
municipal policeman el guardia urbano
0%
joker el guasón
0%
bash, party el guateque
0%
tourist (R1) el guiri
0%
injured person el herido
0%
(black) ice el hielo
0%
streetcar/tram schedule/timetable el horario del tranvía
0%
cheap hotel el hostal
0%
hotel el hotel
0%
high-quality hotel el hotel de primera
0%
hotel manager, hotelier el hotelero
0%
humor el humor
0%
clue, piece of evidence (R2/3) el indicio
0%
tax inspector el inspector de hacienda
0%
player, gambler el jugador
0%
flashing light (on top of car) el lanzadestellos
0%
book of complaints el libro de reclamaciones
0%
speed limit el límite de velocidad
0%
poor service el mal servicio
0%
mandate (R2/3) el mandato
0%
city plan el mapa de la ciudad
0%
matador el matador
0%
menu el menú
0%
gawker, person who just stares at a street happening el mirón
0%
waterfront, quayside el muelle
0%
office worker (of little importance) el ordenanza
0%
City/Town Hall (R2/3) el palacio municipal
0%
parking lot el parking
0%
theme park el parque de atracciones
0%
competitor el participante
0%
pastime el pasatiempo
0%
level crossing el paso a nivel
0%
zebra crossing el paso de cebra
0%
pedestrian crossing el paso de peatones
0%
skid el patinazo
0%
landlord el patrón
0%
surface (of road) el pavimento
0%
accident (not usually serious) (R2/3) el percance
0%
surface (of road) el piso
0%
town plan el plano de la ciudad
0%
town policeman el policía urbano
0%
price el precio
0%
penitentiary (R2/3) el presidio
0%
prisoner el preso
0%
refreshment stall el puesto de refrescos
0%
traffic island el refugio
0%
land registry el registro de la propiedad
0%
rule, regulation el reglamento
0%
restaurateur (R3) el restaurador
0%
restaurant el restaurante
0%
play on words, pun (R3) el retruécano
0%
traffic light el semáforo
0%
cleaning department el servicio de limpieza
0%
accident (often used by insurers) el siniestro
0%
drawing lots el sorteo
0%
taxi el taxi
0%
stall el tenderete
0%
carousel, merry-go-round el tíovivo
0%
section (of road) el tramo
0%
passer-by (R3) el transeúnte
0%
traffic (R2/3) el tránsito
0%
court el tribunal de justicia
0%
three-cornered hat (once commonly used by the Guardia) el tricornio
0%
road user el usuario de la carretera
0%
tramp el vagabundo
0%
vehicle el vehículo
0%
strong wind el vendaval
0%
wind el viento
0%
to imprison encarcelar
0%
to lock up encerrar
0%
at reception en recepción
0%
to widen the street ensanchar la calle
0%
entertaining entretenido
0%
to choose escoger
0%
to wait for the bus esperar el autobús
0%
to smash into estrellarse contra
0%
to escape (R2/3) evadirse
0%
to frequent frecuentar
0%
to escape fugarse
0%
to win ganar
0%
to swerve to the left girar a la izquierda
0%
to govern gobernar
0%
witty, funny gracioso
0%
to queue hacer cola
0%
to take steps to hacer gestiones para
0%
to investigate (R3) indagar
0%
to inspect inspeccionar
0%
to go to the post office ir a correos
0%
to play, gamble jugar
0%
arena, sand la arena
0%
band, orchestra la banda
0%
fork, junction la bifurcación
0%
stock exchange la bolsa
0%
roadway la calzada
0%
waitress la camarera
0%
recreational vehicle, trailer, caravan la caravana
0%
jail, prison la cárcel
0%
highway, road | road la carretera
0%
beltway, ring road la carretera de circunvalación
0%
cell la celda
0%
traffic la circulación
0%
clientele la clientela
0%
collision (R2/3) la colisión
0%
(academy) precinct, police station la comisaría
0%
post of town councillor la concejalía
0%
driving in an intoxicated state la conducción en estado de embriaguez
0%
traffic jam la congestión
0%
check, bill la cuenta
0%
dangerous bend la curva peligrosa
0%
unevenness (in road) la desigualdad del piso
0%
police custody la detención preventiva
0%
regional government la diputación
0%
no entry la dirección prohibida
0%
crossroads la encrucijada
0%
railway station la estación de ferrocarril
0%
getaway, escape (R2/3) la evasión
0%
check, bill la factura
0%
festival, funfair la feria
0%
fiesta, festival la fiesta
0%
national festival la fiesta nacional
0%
line/queue of cars la fila de coches
0%
(cheap) restaurant, boarding house la fonda
0%
traffic circle, roundabout la glorieta
0%
(peaked) cap la gorra
0%
wrecker, breakdown van la grúa
0%
commute hour, rush hour la hora punta
0%
investigation (R3) la indagación
0%
intersection la intersección
0%
investigation la investigación
0%
meeting, assembly, council, commitee, territorial government la junta
0%
rain la lluvia
0%
fish market la lonja del pescado
0%
lottery la lotería
0%
block la manzana
0%
mask la máscara
0%
policewoman la mujer policía
0%
parking fine la multa de aparcamiento
0%
municipality (R2/3) la municipalidad
0%
background music la música de fondo
0%
pop music la música pop
0%
fog la niebla
0%
snow la nieve
0%
standard, rule, norm (R2/3) la norma
0%
bullfight using young bulls la novillada
0%
arrest warrant la orden de detención
0%
band, orchestra la orquesta
0%
trash can, litter bin la papelera
0%
bus stop la parada de autobús
0%
old part la parte antigua
0%
footbridge la pasarela
0%
landlady la patrona
0%
long descent la pendiente prolongada
0%
rooming house, guest house la pensión
0%
full board la pensión completa
0%
track, trail, clue la pista
0%
pistol la pistola
0%
population, town, village la población
0%
billy club, truncheon la porra
0%
prison la prisión
0%
police custody, remand la prisión provisional
0%
procession la procesión
0%
gratuity, tip la propina
0%
proof la prueba
0%
sports lottery ticket la quiniela
0%
(restricting) yellow line la raya amarilla
0%
(restricting) white line la raya blanca
0%
swoop, raid la redada
0%
rules, regulation (R2/3) la reglamentación
0%
catering (R3) la restauración
0%
traffic jam, holdup la retención
0%
north beltway / ringroad la ronda norte
0%
traffic circle, roundabout la rotonda
0%
arcades las arcadas
0%
attractions las diversiones
0%
traffic signs la señalización
0%
handcuffs las esposas
0%
festivities las festividades
0%
road works las obras
0%
by-laws las ordenanzas municipales
0%
traffic lights las señales de tráfico
0%
passenger terminal la terminal de pasajeros
0%
blood test la toma de sangre
0%
beltway, ringroad la variante
0%
speed la velocidad
0%
public way, highway la vía pública
0%
victim la víctima
0%
to put up barricades levantar barricadas
0%
to free, liberate liberar
0%
full lleno
0%
outskirts los alrededores
0%
outskirts (R3) los arrabales
0%
damage los daños
0%
damage los desperfectos
0%
fireworks los fuegos artificiales
0%
arcades los soportales
0%
to demonstrate (in the street) manifestar
0%
to kill matar
0%
to shoot down matar a balazos
0%
It's my turn Me toca a mí
0%
to mount guard montar la guardia
0%
to fine multar
0%
to obey the law obedecer la ley
0%
unofficial, informal (R2/3) oficioso
0%
to spend the night pasar la noche
0%
to have a good time pasarlo bien
0%
to go for a walk pasearse
0%
to skid patinar
0%
to lose perder
0%
to miss the bus perder el autobús
0%
to lose control of the car perder el control del coche
0%
to spend the night (R2/3) pernoctar
0%
to catch, nab (R1) pillar
0%
to inform (R3) poner en conocimiento
0%
to free poner en libertad
0%
to fine poner una multa
0%
to proclaim pregonar
0%
to ask the way preguntar el camino
0%
to prove probar
0%
to search a house registrar una casa
0%
to reestablish order restablecer el orden
0%
to withdraw/take out the driving license retirar el permiso de conducción
0%
to take out a ticket sacar un billete
0%
to run off the road salirse de la calzada
0%
to run a red light, go through a red light saltarse un semáforo en rojo
0%
to pursue legal chanels seguir los cauces legales
0%
select selecto
0%
No parking Se prohíbe estacionar
0%
service included servicio incluido
0%
to whistle at silbar
0%
to request a permit solicitar un permiso
0%
to draw lots sortear
0%
to turn torcer
0%
to turn the corner torcer la esquina
0%
to go, travel (R3) transitar
0%
Your turn! Tu turno!
0%
to do a somersault, turn over volcarse
0%
No matching quizzes found
Score Distribution
Percent of People with Each Score
Percentile by Number Answered
Your Score History
You have not taken this quiz